LEADER 01457nam a2200337 a 4500 001 000000130408 003 CaOOAMICUS 005 20120926094727.0 008 120926s2012 it u000 u ita r 040 $aPUL$bita 041 1 $aita$agrc$hgrc 082 04$a103 100 0 $aPolybius,$dc. 205-c. 120 a.C.$0(OLS)http://pul/name/3655 240 10$aHistoriae.$lItaliano e greco.$0(OLS)http://pul/title/163603 245 10$aStorie :$blibro VI /$cPolibio ; traduzione di Manuela Mari; note di John Thornton ; prefazione di Luciano Canfora. 250 $aEd. speciale per il Corriere della Sera. 260 $aMilano :$bR.C.S. Libri,$c©2012. 300 $aVIII, 196 p. ;$c19 cm 490 1 $aClassici del pensiero libero. Greci e latini ;$v46 546 $aTesto greco a fronte. 700 1 $aCanfora, Luciano,$d1942-$0(OLS)http://pul/name/7932 700 1 $aMari, Manuela.$0(OLS)http://pul/name/83591 700 1 $aThornton, John.$0(OLS)http://pul/name/83592 830 0$aClassici del pensiero libero. Greci e latini ;$v46.$0(OLS)http://pul/title/163490 850 $aPUL 852 $aPUL$W1$xDP2 Filosofia 3$y112$m103 COLL 8.46$j150918$qDDC 21$B149518$CPULBib$Z2$F149518 $H120766 $82 941 1 $a9 996 $6082$a103$9(OLS)http://pul/classification/621 996 $6245$aStorie :$blibro VI$9(OLS)http://pul/title/164808 996 $6260$aMilano :$bR.C.S. Libri$9(OLS)http://pul/publisher/74600 LEADER 01518nam a2200349 a 4500 001 000000171046 003 CaOOAMICUS 005 20181211113412.0 008 181211s2017 sp 000 u ita r 020 $a978-84-9055-908-6* 032 $aLibriCat 040 $aPUL$bita 041 $aita$hspa 082 14$a262.15 100 1 $aMorales, Tomás,$d1908-1994.$0(OLS)http://pul/name/109980 240 10$aForja de hombres.$lItaliano.$0(OLS)http://pul/title/211909 245 10$aForgiare uomini /$cTomás Morales, S.I. ; prefazione dell'Em.mo Card. Beniamino Stella . 260 $aMadrid :$bCrociate di Santa Maria ;$aMadrid :$bEncuentro,$c©2017. 300 $a241 p. ;$c23 cm. 504 $aBibliografia in nota a pič pagina. 600 14$aMorales, Tomás,$d1908-1994.$0(OLS)http://pul/subject/45814 650 4$aApostolato dei laici.$0(OLS)http://pul/subject/12144 700 1 $aStella, Beniamino,$ccardinale,$d941-$0(OLS)http://pul/name/109981 850 $aPUL 852 $aPUL$W1$xDP2 Religione 3$y114$m262. 15 MORTO 1$j194560$qDDC 21$B199608$CPULBib$Z2$F199608 $H131980 $81 941 1 $a9 996 $6020$a978-84-9055-908-6*$9(OLS)http://pul/number/165574 996 $6082$a262.15$9(OLS)http://pul/classification/375 996 $6245$aForgiare uomini$9(OLS)http://pul/title/211910 996 $6260$aMadrid :$bCrociate di Santa Maria$9(OLS)http://pul/publisher/87095 996 $6260$aMadrid :$bEncuentro$9(OLS)http://pul/publisher/64926